[Event "2nd TCCL Friendly Server Tournament, 2ndTCCL"]
[Site "CCLA"]
[Date "2014.06.15"]
[Round "?"]
[White "Caliguire, John J."]
[Black "Sherry, Katie P."]
[Result "1-0"]
[WhiteElo "2233"]
[BlackElo "1301"]

1. c4 b6 2. d4 e6 3. e4 g5 4. Nc3 Ba6 5. d5 Bc5 6. e5 Ne7 7. Bxg5 c6 8. d6
Nc8 9. Bxd8 Kxd8 10. Qf3 f5 11. Qg3 Ke8 12. Be2 h6 13. Qg6+ Kd8 14. Qf6+ 
Ne7 15. Qxh8+ Ng8 16. Qxg8# 1-0

[Event "Regular Quad, S40419"]
[Site "CCLA"]
[Date "2014.12.01"]
[Round "?"]
[White "Miller, Allan A."]
[Black "Howard, James"]
[Result "1-0"]
[WhiteElo "1563"]
[BlackElo "1183"]

1. d4 e5 2. dxe5 d6 3. Nf3 dxe5 4. Qxd8+ Kxd8 5. Nxe5 Bb4+ 6. c3 Ba5 7. 
Nxf7+ Ke8 8. Nxh8 Bf5 9. Bf4 Nc6 10. Nd2 Kd7 11. Nf7 Rf8 12. Ne5+ Ke6 13. 
e3 Nxe5 14. Bxe5 Kxe5 15. Nc4+ Kd5 16. Nxa5 c5 17. Bc4+ Kd6 18. Rd1+ Ke7 
19. Nxb7 Nf6 20. Nxc5 Rc8 21. b4 Bc2 22. Rd2 Bf5 23. Bd3 Bg4 24. f3 Bh5 
25. Bf5 Rc6 26. Kf2 a5 27. Rhd1 g5 28. Bxh7 Bf7 29. Bb1 axb4 30. cxb4 g4 
31. a4 Rc8 32. Nd7 Nh5 33. b5 Bc4 34. Nb6 Rf8 35. Nxc4 Ke6 36. b6 Rb8 37. 
a5 Rc8 38. Bf5+ Kxf5 39. Nd6+ Ke5 40. Nxc8 Nf6 41. b7 Nh5 42. b8=Q+ Kf5 
43. Rd5+ Kf6 44. Qb6+ 1-0

[Event "Regular Quad, S40239"]
[Site "CCLA"]
[Date "2014.07.28"]
[Round "?"]
[White "McLaughlin, Ed"]
[Black "Verbera, Marcos"]
[Result "1-0"]
[WhiteElo "1561"]
[BlackElo "1281"]

1. d4 e6 2. Nd2 c5 3. e3 cxd4 4. exd4 d5 5. f4 Nc6 6. Ngf3 Nf6 7. c3 Bd6 
8. Ne5 O-O 9. Bd3 Bd7 10. O-O Be8 11. g4 Nd7 12. Rf3 f6 13. Nxc6 bxc6 14. 
Qe1 Bf7 15. Nb3 Qc7 16. Qh4 g6 17. Rh3 h5 18. gxh5 1-0

[Event "Summer Server Series, S40081"]
[Site "CCLA"]
[Date "2014.07.28"]
[Round "?"]
[White "Nurmi, Ronald"]
[Black "Metz, Edward"]
[Result "0-1"]
[WhiteElo "1438"]
[BlackElo "1398"]

1. d4 e6 2. Bf4 d5 3. e3 Nf6 4. Nd2 Bd7 5. Ngf3 c5 6. c3 Nc6 7. Bd3 Qb6 8.
 Rb1 Be7 9. h3 h6 10. Qe2 O-O 11. O-O Rfe8 12. Ne5 cxd4 13. Nxd7 Nxd7 14. 
exd4 Bf6 15. Qg4 Rad8 16. Bxh6 e5 17. Be3 exd4 18. cxd4 Bxd4 19. Bxd4 Nxd4
20. b3 Nf6 21. Qf4 Ne6 22. Qf3 Qa5 23. Rb2 b6 24. Qd1 Qc3 25. Nf3 Qxb2 0-1

[Event "Continuous Server Series, S40199"]
[Site "CCLA"]
[Date "2014.06.09"]
[Round "?"]
[White "McLaughlin, Ed"]
[Black "Howard, James"]
[Result "1-0"]
[WhiteElo "1561"]
[BlackElo "1183"]

1. d4 e6 2. Nd2 Bd6 3. e4 Nf6 4. e5 O-O 5. exf6 Qxf6 6. Ne4 Qh4 7. Nxd6 
cxd6 8. Nf3 Qh5 9. Bd3 d5 10. O-O d6 11. Bf4 a5 12. Bxd6 Ra6 13. Bxb8 e5 
14. Nxe5 Rh6 15. Qxh5 Rxh5 16. Bd6 Rd8 17. Bc7 Rd6 18. Bxd6 a4 19. Rfe1 
Rh6 20. Ng4 f5 21. Nxh6+ gxh6 22. Re8+ Kf7 23. Rxc8 Ke6 24. Be5 h5 25. Re1
a3 26. Bc7+ Kd7 27. Ree8 Kc6 28. Red8 b5 29. Ba5+ Kb7 30. Rc7+ Ka6 31. 
Ra8# 1-0

[Event "Herbert W. Gustafson Memorial, S47139"]
[Site "CCLA"]
[Date "2014.10.27"]
[Round "?"]
[White "Metz, Edward"]
[Black "Nolan, Robert"]
[Result "0-1"]
[WhiteElo "1398"]
[BlackElo "1511"]

1. d4 e6 2. a3 f5 3. Nf3 Nf6 4. c4 b6 5. e3 Bb7 6. Be2 Be7 7. Nbd2 O-O 8. 
O-O Ne4 9. Qc2 Qe8 10. Bd3 Nxd2 11. Nxd2 Qg6 12. e4 Nc6 13. Nb3 Bd6 14. f4
fxe4 15. Bxe4 Qh5 16. Rf3 h6 17. Rg3 Bxf4 18. Bxf4 Rxf4 19. Nd2 Nxd4 20. 
Qc3 Ne2+ 0-1

[Event "Regular Quad, S40329"]
[Site "CCLA"]
[Date "2014.09.26"]
[Round "?"]
[White "Miller, Allan A."]
[Black "McLaughlin, Ed"]
[Result "1/2-1/2"]
[WhiteElo "1563"]
[BlackElo "1561"]

1. d4 e6 2. c4 c5 3. e3 Nc6 4. Nc3 Nf6 5. Nf3 Be7 6. Bd3 d5 7. O-O O-O 8. 
a3 a6 9. cxd5 Nxd5 10. Nxd5 Qxd5 11. e4 Qh5 12. Be2 cxd4 13. Nxd4 Qc5 14. 
Nxc6 Qxc6 15. Bf3 Rd8 16. Qe2 e5 17. b4 Be6 18. Qe3 Bc4 19. Rd1 Qa4 20. 
Bb2 f6 21. h3 Be6 22. Rd2 Rxd2 23. Qxd2 Rd8 24. Qc3 Qb5 25. Rd1 Rxd1+ 26. 
Bxd1 Qd7 27. Be2 Kf7 28. Kh2 g5 29. g4 Bd8 30. Qd3 Bb6 31. Qxd7+ Bxd7 32. 
Kg2 Ke6 33. Bc4+ Kd6 34. Kf3 Be6 1/2-1/2

[Event " Herbert W. Gustafson Memorial Open, S47109"]
[Site "CCLA"]
[Date "2014.10.27"]
[Round "?"]
[White "Gomolka, Ed P."]
[Black "Smith, Jason A."]
[Result "0-1"]
[WhiteElo "1643"]
[BlackElo "1717"]

1. c4 g6 2. d4 Bg7 3. e4 b6 4. Nc3 Bb7 5. Nf3 e6 6. Bf4 Ne7 7. a3 O-O 8. 
Qd2 d5 9. cxd5 exd5 10. e5 Nf5 11. Bd3 Nh4 12. Nxh4 Qxh4 13. g3 Qh3 14. 
O-O-O Qe6 15. Nb5 Rc8 16. Kb1 a6 17. Nc3 c5 18. Ne2 Nc6 19. Bc2 cxd4 20. 
Nxd4 Nxd4 21. Qxd4 Rc4 22. Qd3 Rac8 23. Bb3 R4c5 24. Qd4 g5 25. Be3 Qf5+ 
26. Ka2 Bxe5 27. Qb4 d4 28. Bxd4 Bxd4 29. Qxd4 Bxh1 30. Rxh1 Rc1 31. Rxc1 
Rxc1 32. Bd5 Qb1+ 33. Kb3 Qc2+ 34. Ka2 Rd1 35. Qe5 Qb1+ 36. Kb3 Qd3+ 37. 
Kb4 Qd4+ 38. Qxd4 Rxd4+ 39. Bc4 b5 40. Kc3 Rxc4+ 0-1

[Event "2014 Server Championship, S40029"]
[Site "CCLA"]
[Date "2014.01.27"]
[Round "?"]
[White "Greene, Sanford I."]
[Black "Owens, Johnny"]
[Result "1-0"]
[WhiteElo "2375"]
[BlackElo "2150"]

1. d4 g6 2. c4 Bg7 3. Nc3 c5 4. d5 d6 5. e4 Bxc3+ 6. bxc3 Nf6 7. Bd3 Nbd7 
8. Nf3 Qa5 9. Qc2 O-O 10. O-O Re8 11. h3 Nh5 12. Bh6 Ne5 13. Nxe5 dxe5 14.
 f4 Nxf4 15. Bxf4 exf4 16. Rxf4 Qc7 17. Raf1 Rf8 18. Qd2 b6 19. Rh4 Qe5 
20. Qh6 Qg7 21. Qxg7+ Kxg7 22. Rhf4 f6 23. Kh2 h5 24. e5 Bd7 25. R4f3 Rad8
26. Re1 f5 27. a4 e6 28. Ra1 Rb8 29. h4 g5 30. hxg5 Kg6 31. Kh3 Kxg5 32. 
a5 b5 33. Rg3+ Kh6 34. Kh4 bxc4 35. Bxc4 exd5 36. Bxd5 f4 37. Rg5 Rf5 38. 
Rxf5 Bxf5 39. Bf3 Re8 40. Re1 Re6 41. Bxh5 Re7 42. c4 Bd3 43. e6 Bxc4 44. 
Bf7 Bb5 45. Re5 Be8 46. Bxe8 Rxe8 47. Kg4 c4 48. Kf5 Rf8+ 49. Ke4 Kg6 50. 
e7 Re8 51. Kxf4 c3 52. Ke3 Kf6 53. Re4 c2 54. Kd2 Kf7 55. Kxc2 1-0

[Event "Regular Quad, S40379"]
[Site "CCLA"]
[Date "2014.11.10"]
[Round "?"]
[White "Miller, Allan A."]
[Black "Rasmussen, Bruce A."]
[Result "1-0"]
[WhiteElo "1563"]
[BlackElo "1539"]

1. d4 d6 2. c4 e6 3. Nc3 d5 4. e3 Nf6 5. Nf3 g6 6. cxd5 exd5 7. Bd3 Bg7 8.
 O-O O-O 9. b3 Nc6 10. Ba3 Re8 11. Qc2 a6 12. Rac1 b5 13. Ne2 Bb7 14. Ne5 
Re6 15. Nf4 Re8 16. Nxc6 Qd7 17. Ne5 Qd8 18. Qxc7 Re7 19. Qxd8+ Rxd8 20. 
Bxe7 Re8 21. Rc7 Ba8 22. Rfc1 Bf8 23. Bxf6 Re6 24. Nxe6 fxe6 25. Nd7 Kf7 
26. Nxf8+ Kxf6 27. Nxh7# 1-0

[Event "Open Server Series, S40179"]
[Site "CCLA"]
[Date "2014.06.02"]
[Round "?"]
[White "Smail, John"]
[Black "Stidham, Douglas W."]
[Result "0-1"]
[WhiteElo "1836"]
[BlackElo "1825"]

1. c4 g6 2. e4 Bg7 3. d4 d6 4. Ne2 Nf6 5. f3 O-O 6. Be3 b6 7. Qd2 c5 8. 
Nbc3 Nc6 9. d5 Ne5 10. b3 a6 11. Nc1 e6 12. Nd3 Nxd3+ 13. Bxd3 exd5 14. 
exd5 Re8 15. O-O Rxe3 16. Qxe3 Nxd5 17. Nxd5 Bd4 18. Qxd4 cxd4 19. Rae1 
Be6 20. Be4 Bxd5 21. Bxd5 Ra7 22. Rd1 Qf6 23. f4 Re7 24. Rd2 Re3 25. g3 d3
0-1

[Event "Continuous Server Series, S40069"]
[Site "CCLA"]
[Date "2014.03.03"]
[Round "?"]
[White "Jones, Scott C."]
[Black "Miller, Allan A."]
[Result "0-1"]
[WhiteElo "1274"]
[BlackElo "1563"]

1. d4 c5 2. dxc5 e6 3. e3 Bxc5 4. Be2 Nf6 5. a3 Qc7 6. b4 Bd6 7. g3 Be5 8.
 c3 O-O 9. f4 Bd6 10. Nf3 b6 11. O-O Bb7 12. Bb2 Nc6 13. Kg2 Ne7 14. c4 
Nf5 15. Bxf6 Nxe3+ 0-1

[Event "Herbert W Gustafson Memorial, S47129"]
[Site "CCLA"]
[Date "2014.10.27"]
[Round "?"]
[White "Shaffer, Aaron"]
[Black "Miller, Allan A."]
[Result "0-1"]
[WhiteElo "1383"]
[BlackElo "1563"]

1. d4 c5 2. dxc5 e5 3. e4 Bxc5 4. Bc4 Nf6 5. Nc3 Nc6 6. Nf3 O-O 7. O-O d6 
8. Bg5 h6 9. Bxf6 Qxf6 10. Nd5 Qd8 11. h3 Ne7 12. b4 Bb6 13. Qd3 Nxd5 14. 
Bxd5 Rb8 15. Rfd1 Qe7 16. a4 Bc7 17. a5 Be6 18. Bxe6 Qxe6 19. c4 f5 20. 
exf5 Rxf5 21. Qd5 Qxd5 22. Rxd5 Rbf8 23. Rf1 g5 24. Nd2 Kf7 25. Ne4 Ke6 
26. f3 h5 27. Rfd1 g4 28. hxg4 hxg4 29. fxg4 Rf4 30. Re1 Rxg4 31. Rd2 b6 
32. Rf1 Rxf1+ 33. Kxf1 Rxe4 0-1

[Event "Regular Quad, S40379"]
[Site "CCLA"]
[Date "2014.11.10"]
[Round "?"]
[White "Rasmussen, Bruce A."]
[Black "Miller, Allan A."]
[Result "0-1"]
[WhiteElo "1539"]
[BlackElo "1563"]

1. d4 c5 2. e3 cxd4 3. Qxd4 Nc6 4. Qf4 e5 5. Qe4 d5 6. Qa4 Bd7 7. Nf3 Nd4 
8. Qxd4 exd4 9. Nxd4 Nf6 10. Bd3 Bb4+ 11. c3 Ba5 12. b4 Bb6 13. Nf3 O-O 
14. O-O Rc8 15. Ba3 Ne4 16. c4 Bg4 17. Ne5 Bh5 18. g4 Bg6 19. Rc1 Qf6 20. 
f4 Bxe3+ 0-1

[Event "Regular Quad, S40379"]
[Site "CCLA"]
[Date "2014.11.10"]
[Round "?"]
[White "Miller, Allan A."]
[Black "Acosta, Errol"]
[Result "1-0"]
[WhiteElo "1563"]
[BlackElo "1365"]

1. d4 e6 2. e4 c5 3. d5 Qh4 4. Nc3 d6 5. Nf3 Qd8 6. Bf4 e5 7. Bg3 Nf6 8. 
Bd3 g6 9. Nd2 Bg7 10. Nc4 b5 11. Nxb5 O-O 12. O-O Bh6 13. Nbxd6 Ba6 14. 
Bxe5 Nbd7 15. Bg3 Nb6 16. Nxb6 axb6 17. Bxa6 Rxa6 18. c4 Qd7 19. e5 Ne8 
20. Nxe8 Rxe8 21. Re1 b5 22. cxb5 Qxb5 23. b3 Bg7 24. Qe2 Qb6 25. Rad1 Ra7
26. d6 Qc6 27. f4 Rd7 28. Bf2 Bf8 29. Qc4 Kg7 30. b4 Re6 31. b5 Qc8 32. 
Qxc5 Rc7 33. Qxc7 1-0

[Event "Premier Quad, S40259"]
[Site "CCLA"]
[Date "2014.08.18"]
[Round "?"]
[White "Stevens, Daniel L."]
[Black "Shannon, Paul D."]
[Result "1/2-1/2"]
[WhiteElo "1771"]
[BlackElo "1832"]

1. e4 c5 2. d4 e6 3. d5 exd5 4. exd5 d6 5. Bd3 g6 6. Ne2 Bg7 7. O-O Ne7 8.
 Ng3 O-O 9. c4 Nd7 10. Nd2 b5 11. Nde4 bxc4 12. Bxc4 Nb6 13. Bb5 Bb7 14. 
Bc6 Rb8 15. Bf4 Nc4 16. b3 Ne5 17. Bxb7 Rxb7 18. a3 Qd7 19. Bh6 f6 20. 
Bxg7 Kxg7 21. f4 Ng4 22. Rf3 Re8 23. Ra2 Nc8 24. h3 Nh6 25. Qa1 Qf7 26. f5
Ng8 27. fxg6 hxg6 28. Nxf6 Nxf6 29. Raf2 Re5 30. Rxf6 Qxf6 31. Rxf6 Kxf6 
32. Ne4+ Kf5 33. Qf1+ Kxe4 34. Qf3+ Kd4 35. Qg4+ Kc3 36. Qxc8 Rxb3 37. Qa6
Rxd5 38. Qxa7 g5 39. Qa5+ Kb2 40. a4 Rd4 41. Qd8 g4 42. hxg4 Rg3 43. Qf6 
Rxg4 44. a5 c4 45. Qf2+ Kb3 46. Qf7 Rg5 47. a6 Ra5 48. Kh2 Rd2 49. Qb7+ 
Kc3 50. Qf3+ Kb4 51. Qb7+ Kc3 52. Qf3+ Kb4 53. Qb7+ Kc3 1/2-1/2

[Event "NA Class C Server Championship, S40129"]
[Site "CCLA"]
[Date "2014.04.30"]
[Round "?"]
[White "Cangelosi, Dominic"]
[Black "Miller, Allan A."]
[Result "0-1"]
[WhiteElo "1415"]
[BlackElo "1563"]

1. d4 c5 2. d5 e5 3. e4 d6 4. c4 g6 5. f4 Bg7 6. Nf3 exf4 7. Nc3 Nd7 8. 
Bxf4 Ne5 9. Be2 Nh6 10. Qd2 Nhg4 11. h3 Nf6 12. Nxe5 dxe5 13. Bxe5 O-O 14.
 Rf1 Nxe4 15. Nxe4 Bxe5 16. Nxc5 Qh4+ 17. Kd1 b6 18. Nd3 Bg7 19. Rf4 Qg3 
20. Bf3 Bh6 21. d6 Bxf4 22. Nxf4 Rb8 23. Kc2 Bf5+ 24. Kb3 Rfd8 25. Re1 Be6
26. Re3 Qxf4 0-1

[Event "Herbert W Gustafson Memorial, S47129"]
[Site "CCLA"]
[Date "2014.10.27"]
[Round "?"]
[White "Miner, David"]
[Black "Miller, Allan A."]
[Result "1-0"]
[WhiteElo "1619"]
[BlackElo "1563"]

1. d4 c5 2. d5 e5 3. e4 d6 4. Nc3 Nf6 5. Be2 Be7 6. Nf3 O-O 7. O-O Nbd7 8.
 Bd2 a6 9. a4 Re8 10. Be3 Nf8 11. Nd2 Ng6 12. a5 b5 13. axb6 Qxb6 14. Nc4 
Qc7 15. Ra3 Nf4 16. Bxf4 exf4 17. e5 Nd7 18. exd6 Bxd6 19. Nb5 axb5 20. 
Nxd6 Qxd6 21. Rxa8 Nb6 22. Bxb5 Re7 23. Ra3 h6 24. Re1 Rxe1+ 25. Qxe1 Qxd5
26. Rd3 Qe6 27. Rd8+ Kh7 28. Bd3+ g6 29. Qc3 f6 30. Qxc5 1-0

[Event "Regular Quad, S40299"]
[Site "CCLA"]
[Date "2014.09.15"]
[Round "?"]
[White "Leber, David"]
[Black "Miller, Allan A."]
[Result "0-1"]
[WhiteElo "1375"]
[BlackElo "1563"]

1. d4 c5 2. d5 e5 3. e4 Nf6 4. Nc3 d6 5. Nf3 Be7 6. Bb5+ Nbd7 7. O-O a6 8.
 Ba4 b5 9. Nxb5 axb5 10. Bxb5 Ba6 11. Be2 Nxe4 12. c4 Nf8 13. Qc2 Nf6 14. 
Bd3 Ng6 15. Bd2 Bc8 16. Ng5 O-O 17. a3 Nh5 18. Nf3 f5 19. Be2 Nhf4 20. Bd1
Bg5 21. g3 Nh3+ 22. Kg2 Bxd2 23. Qxd2 f4 24. Be2 Ng5 25. Ne1 Bh3+ 26. Kg1 
Bxf1 27. Kxf1 fxg3 28. hxg3 Nh3 29. Nd3 e4 30. Nc1 Rxf2+ 31. Ke1 Qf6 32. 
Kd1 Ng1 33. Rb1 Qd4 34. b3 Qxd2+ 35. Kxd2 Nxe2 36. Nxe2 Rxa3 37. Ke3 Rg2 
38. Rb2 Ne5 39. Kxe4 g6 40. Kf4 Nd3+ 41. Kf3 Rxg3+ 42. Kxg3 Nxb2 43. Nc1 
Nd3 44. Nxd3 Rxb3 45. Kf3 Rxd3+ 46. Ke2 Rd4 47. Ke3 g5 48. Kf3 Rxc4 49. 
Ke3 g4 50. Kd3 Rb4 51. Kc3 g3 52. Kd3 g2 53. Kc3 g1=Q 54. Kd3 Qg3+ 55. Kc2
Rf4 56. Kd2 Rf2+ 0-1

[Event "Continuous Server Series, S40189"]
[Site "CCLA"]
[Date "2014.06.06"]
[Round "?"]
[White "Blankenship, Jerry T."]
[Black "Wolff, Nicholas"]
[Result "1-0"]
[WhiteElo "1599"]
[BlackElo "1568"]

1. d4 c5 2. d5 e5 3. e4 d6 4. Nc3 Nf6 5. Nf3 Bg4 6. Be2 Be7 7. O-O O-O 8. 
Nd2 Bxe2 9. Qxe2 Nbd7 10. a4 g6 11. Nc4 a6 12. a5 b5 13. axb6 Nxb6 14. f4 
Nfd7 15. Na5 Nb8 16. fxe5 dxe5 17. Rd1 Qd6 18. Bh6 Rd8 19. Nb7 Qd7 20. 
Nxd8 Bxd8 21. Rf1 Qd6 22. Qf3 f6 23. Qg4 Nc4 24. Qe6+ Qxe6 25. dxe6 Nb6 
26. Nd5 Nxd5 27. exd5 f5 28. c4 Bc7 29. Rad1 Bd6 30. g3 a5 31. Rd3 Na6 32.
 Ra3 Nb4 33. g4 f4 34. Rfa1 Bf8 35. Rxa5 Rxa5 36. Rxa5 Bxh6 37. Ra8+ Kg7 
38. e7 1-0

[Event "NA Class C Server Championship, S40129"]
[Site "CCLA"]
[Date "2014.04.30"]
[Round "?"]
[White "Nurmi, Ronald"]
[Black "Miller, Allan A."]
[Result "0-1"]
[WhiteElo "1438"]
[BlackElo "1563"]

1. d4 c5 2. d5 e5 3. e4 d6 4. Nc3 g6 5. Nf3 Bg7 6. Be2 Nf6 7. O-O O-O 8. 
Nd2 a6 9. a4 Nbd7 10. Nc4 Nb6 11. Na3 Bd7 12. a5 Nc8 13. Nc4 Bb5 14. Bg5 
Bxc4 15. Bxc4 Qd7 16. h3 Ne8 17. Rb1 b5 18. Be2 Ne7 19. Bg4 Qc7 20. Ra1 
Nf6 21. Bf3 h6 22. Be3 g5 23. Ne2 Ng6 24. Ng3 Nf4 25. Nf5 Kh7 26. Nxg7 
Kxg7 27. Qd2 Rh8 28. Bxf4 gxf4 29. Kh2 Rag8 30. c3 h5 31. b4 h4 32. Rac1 
c4 33. Qe1 Kf8 34. Rg1 Rg5 35. Qe2 Rhg8 36. Qf1 R8g7 37. Rd1 Ng8 38. Rd2 
Nh6 39. Rc2 Qd7 40. Rd2 f5 41. Re2 fxe4 42. Bxe4 Qf7 43. f3 Qa7 44. Qf2 
Qxf2 45. Rxf2 Ke7 46. Kh1 Kf6 47. Re2 Rg3 48. Kh2 Nf7 49. Rge1 Ng5 50. Kg1
Nxf3+ 0-1

[Event "Regular Quad, S40239"]
[Site "CCLA"]
[Date "2014.07.28"]
[Round "?"]
[White "McLaughlin, Ed"]
[Black "Blankenship, Jerry T."]
[Result "0-1"]
[WhiteElo "1561"]
[BlackElo "1599"]

1. d4 Nf6 2. Nd2 d5 3. e3 c5 4. Bb5+ Bd7 5. Qe2 e6 6. c3 Nc6 7. f4 cxd4 8.
 exd4 a6 9. Bd3 Bd6 10. Ndf3 O-O 11. Ne5 Na5 12. Ngf3 Bb5 13. Bxb5 axb5 
14. Qxb5 Ne4 15. Qe2 Nb3 16. Rb1 Rxa2 17. Qb5 Nxc1 18. Rxc1 Qe7 19. O-O f6
20. Nd3 Qc7 21. Ra1 Rxa1 22. Rxa1 Bxf4 23. Nxf4 Qxf4 24. Qe2 Rd8 25. g3 
Qc7 26. Kg2 Qb6 27. Ra3 Re8 28. Qc2 e5 29. Rb3 Qc7 30. Qd3 Qf7 31. Qb5 Nd6
32. Qa4 e4 33. Ne1 f5 34. Kf2 f4 35. g4 Qe7 36. Ng2 Rf8 37. Qa3 e3+ 38. 
Kg1 f3 0-1

[Event "Continuous Server Series, S40059"]
[Site "CCLA"]
[Date "2014.02.19"]
[Round "?"]
[White "Jones, Scott C."]
[Black "Kline, John T."]
[Result "0-1"]
[WhiteElo "1274"]
[BlackElo "1569"]

1. d4 Nf6 2. e3 b6 3. c3 Bb7 4. Nf3 e6 5. Be2 c5 6. O-O d6 7. Bb5+ Nbd7 8.
 Bxd7+ Qxd7 9. dxc5 bxc5 10. Nbd2 Be7 11. Kh1 O-O 12. Kg1 e5 13. a3 Qg4 
14. h3 Qh5 15. Kh1 d5 16. Nh2 Qg6 17. Ndf3 Ne4 18. Nxe5 Qe6 19. Nef3 Ba6 
20. Re1 Nxf2+ 0-1

[Event "Herbert W. Gustafson Memorial , S47179"]
[Site "CCLA"]
[Date "2014.10.27"]
[Round "?"]
[White "Lyons, Anthony W."]
[Black "Hodgkins, Neil C."]
[Result "0-1"]
[WhiteElo "1287"]
[BlackElo "1419"]

1. d4 Nf6 2. Bf4 e6 3. a3 d5 4. Nf3 Be7 5. Nc3 O-O 6. e3 c5 7. Bd3 Nc6 8. 
O-O cxd4 9. exd4 Re8 10. h3 Qb6 11. Bb5 Bd7 12. Bxc6 bxc6 13. b4 h6 14. 
Re1 g5 15. Bh2 a5 16. Ne5 axb4 17. axb4 Qxb4 18. Rxa8 Rxa8 19. Ne2 Be8 20.
 Qb1 Qxb1 21. Rxb1 Ne4 22. Ng4 Kg7 23. Be5+ Bf6 24. Bxf6+ Nxf6 25. Nxf6 
Kxf6 26. f3 Ra2 27. Rc1 Kg7 28. Kf1 f6 29. g3 Bg6 30. c3 Bd3 31. Re1 Rc2 
32. Kf2 e5 33. dxe5 fxe5 34. Ke3 Bxe2 35. Rxe2 Rxc3+ 36. Kf2 Kf6 37. Re3 
Rxe3 0-1

[Event "Premier Quad, S40339"]
[Site "CCLA"]
[Date "2014.10.13"]
[Round "?"]
[White "Smail, John"]
[Black "Anderson, Clarence"]
[Result "1/2-1/2"]
[WhiteElo "1836"]
[BlackElo "1798"]

1. d4 Nf6 2. Bg5 c6 3. Bxf6 gxf6 4. Nf3 d5 5. e3 Qb6 6. Qc1 Bg4 7. Nbd2 
Nd7 8. c4 e5 9. a3 Bh6 10. c5 Qc7 11. h3 Be6 12. Qc3 e4 13. Ng1 f5 14. g3 
Bg5 15. h4 Be7 16. Nh3 Nf8 17. Be2 Bd7 18. b4 Ne6 19. Nf4 Nxf4 20. exf4 
Bf6 21. Nf1 Rc8 22. Ne3 b6 23. a4 bxc5 24. bxc5 Rb8 25. Kd2 a5 26. Rhb1 
Ke7 27. Bf1 Rxb1 28. Rxb1 Rb8 29. Rxb8 Qxb8 30. Be2 Qb4 31. Nc2 Qxa4 32. 
Ke3 Qa2 33. Bd1 Bc8 34. Na3 Ba6 35. Bc2 Kd7 36. f3 Bd3 37. Bxd3 exd3 38. 
Qxd3 Ke6 39. g4 Ke7 40. g5 Bg7 41. Nc2 Qb2 42. Kd2 a4 43. Qc3 a3 44. Kd3 
Qb5+ 45. Kd2 Qa4 46. Qb4 Qxb4+ 47. Nxb4 a2 48. Nxa2 Bxd4 49. Nb4 Bxc5 50. 
Nxc6+ Ke6 51. Kd3 Bd6 52. Nd4+ Kd7 53. Nxf5 Bxf4 54. Kd4 Ke6 55. Ng7+ 
1/2-1/2

[Event "Winter Server Series, S40031"]
[Site "CCLA"]
[Date "2014.01.27"]
[Round "?"]
[White "Nurmi, Ronald"]
[Black "Ramirez, Salvador"]
[Result "0-1"]
[WhiteElo "1438"]
[BlackElo "1589"]

1. d4 Nf6 2. Bg5 e6 3. e4 d5 4. e5 h6 5. Be3 Nfd7 6. f4 c5 7. c3 Nc6 8. 
Nf3 Qb6 9. Qd2 Be7 10. Bd3 c4 11. Be2 Nf8 12. O-O Bd7 13. Bf2 Nh7 14. Qc1 
O-O 15. Na3 Na5 16. Nc2 Ba4 17. Ne3 Rac8 18. f5 f6 19. exf6 Bxf6 20. fxe6 
Qxe6 21. Bg3 Bd7 22. Nh4 Bg5 0-1

[Event "Premier Quad, S40259"]
[Site "CCLA"]
[Date "2014.08.18"]
[Round "?"]
[White "Capuzzi, Gabriele"]
[Black "Stevens, Daniel L."]
[Result "0-1"]
[WhiteElo "1775"]
[BlackElo "1771"]

1. d4 Nf6 2. Bg5 c5 3. Bxf6 gxf6 4. d5 f5 5. c3 d6 6. g3 Qb6 7. Qc2 Nd7 8.
 Bg2 Bg7 9. Nf3 Nf6 10. O-O Nxd5 11. Nbd2 Nf6 12. Nc4 Qc7 13. Rad1 Bd7 14.
 Ne3 e6 15. c4 Bc6 16. Rfe1 O-O-O 17. Ng5 h6 18. Nh3 Ne4 19. Nf4 h5 20. f3
Nf6 21. Kf2 h4 22. Rh1 Bh6 23. Nd3 hxg3+ 24. hxg3 Bxe3+ 25. Kxe3 Ng4+ 26. 
fxg4 Bxg2 27. Rxh8 Rxh8 28. gxf5 d5 29. cxd5 Qxg3+ 30. Kd2 Qg5+ 31. e3 Kb8
32. Qxc5 Bxd5 33. Qd6+ Ka8 34. Qf4 Qg2+ 35. Qf2 Qxf2+ 36. Nxf2 Bxa2 37. 
fxe6 Bxe6 38. e4 Rd8+ 39. Ke3 Rxd1 40. Nxd1 Bb3 41. Nc3 b6 42. Kd3 Kb7 43.
 Ne2 a5 44. Nd4 Be6 45. Kc3 Ka6 46. b3 b5 47. e5 b4+ 48. Kb2 Kb6 49. Kc2 
Kc5 50. Kd3 Kd5 51. Nf3 Bf5+ 52. Kd2 Bg4 53. Ng5 Bh5 54. Kd3 Kxe5 55. Kc4 
Be2+ 56. Kc5 f5 0-1

[Event "Summer Server Series, S40081"]
[Site "CCLA"]
[Date "2014.07.28"]
[Round "?"]
[White "Nurmi, Ronald"]
[Black "Lasley, Matthew"]
[Result "0-1"]
[WhiteElo "1438"]
[BlackElo "1514"]

1. d4 Nf6 2. Bg5 c5 3. Bxf6 gxf6 4. d5 Qb6 5. Qc1 f5 6. c4 Qb4+ 7. Nd2 Bg7
8. Rb1 d6 9. a3 Qa5 10. e3 Nd7 11. Ne2 Rg8 12. Ng3 e6 13. Bd3 Ne5 14. Be2 
Bd7 15. O-O Qd8 16. Nf3 Nxf3+ 17. Bxf3 e5 18. Qc2 e4 19. Be2 Qh4 20. f4 
exf3 21. Bxf3 Be5 22. Qf2 Bxg3 23. hxg3 Rxg3 24. Rbc1 Ke7 25. Rc2 Rag8 26.
 Qe1 Kf8 27. Rcf2 Rh3 28. g4 Rxg4+ 29. Bxg4 Rh1+ 30. Kg2 Rh2+ 0-1

[Event "Herbert W. Gustafson Memorial, S47149"]
[Site "CCLA"]
[Date "2014.10.27"]
[Round "?"]
[White "Nurmi, Ronald"]
[Black "Luna, Joseph"]
[Result "0-1"]
[WhiteElo "1438"]
[BlackElo "1510"]

1. d4 Nf6 2. Bg5 Ne4 3. Bf4 f5 4. e3 e6 5. Bd3 Nf6 6. Nf3 d5 7. c4 Bb4+ 8.
 Nbd2 c5 9. O-O Nc6 10. a3 Bxd2 11. Nxd2 cxd4 12. Nf3 dxe3 13. Bxe3 O-O 
14. b4 a6 15. Rc1 d4 16. Bf4 Nh5 17. Bg5 Qc7 18. Nxd4 Nxd4 19. Qxh5 e5 20.
 Be3 Be6 21. c5 Rad8 22. Bc4 Bxc4 23. Rxc4 g6 24. Qd1 Qf7 25. Qc1 Ne2+ 0-1

[Event "Summer Server Series, S40081"]
[Site "CCLA"]
[Date "2014.07.28"]
[Round "?"]
[White "Nurmi, Ronald"]
[Black "Sanchez, David A."]
[Result "0-1"]
[WhiteElo "1438"]
[BlackElo "1471"]

1. d4 Nf6 2. Bg5 Ne4 3. Bf4 d5 4. e3 c5 5. Bd3 Nf6 6. c3 Qb6 7. Qc2 Nc6 8.
 Nf3 g6 9. Nbd2 Bg7 10. h3 O-O 11. O-O Nd7 12. Rab1 e5 13. dxe5 Ndxe5 14. 
Nxe5 Nxe5 15. Be2 Bf5 16. e4 dxe4 17. Nxe4 Rfd8 18. f3 c4+ 19. Kh2 Qc6 20.
 g4 Bxe4 21. fxe4 Nd3 22. Bxd3 Rxd3 23. Rfe1 Re8 24. Qe2 Be5 25. Rf1 Qd6 
26. Qf2 Rd2 0-1

[Event "Herbert W. Gustafson Memorial Open, S47089"]
[Site "CCLA"]
[Date "2014.10.27"]
[Round "?"]
[White "Capuzzi, Gabriele"]
[Black "Gerber, David F."]
[Result "0-1"]
[WhiteElo "1775"]
[BlackElo "1731"]

1. d4 Nf6 2. Bg5 Ne4 3. Bf4 c5 4. f3 Qa5+ 5. c3 Nf6 6. d5 Qb6 7. Bc1 e6 8.
 e4 exd5 9. exd5 d6 10. c4 g6 11. Bd3 Bg7 12. Ne2 O-O 13. O-O Nbd7 14. 
Nbc3 Ne5 15. Kh1 Nxd3 16. Qxd3 Bf5 17. Ne4 Bxe4 18. fxe4 Rae8 19. Nc3 Nd7 
20. Rb1 Ne5 21. Qe2 Qb4 22. Qc2 Qxc4 23. Bf4 b5 24. b3 Qb4 25. Bd2 c4 26. 
Na4 cxb3 27. axb3 Qd4 28. Nc3 Rc8 29. b4 Nc4 30. Rbd1 Nxd2 0-1

[Event "Herbert W. Gustafson Memorial Open, S47089"]
[Site "CCLA"]
[Date "2014.10.27"]
[Round "?"]
[White "Capuzzi, Gabriele"]
[Black "Richardson, Ryan M."]
[Result "1-0"]
[WhiteElo "1775"]
[BlackElo "1689"]

1. d4 Nf6 2. Bg5 Ne4 3. Bf4 c5 4. f3 Nf6 5. dxc5 Qa5+ 6. Nc3 Qxc5 7. e4 e5
8. Bg3 Nc6 9. Qd2 Qb4 10. O-O-O Be7 11. Nb5 Qxd2+ 12. Rxd2 Kd8 13. Bc4 Rf8
14. Nh3 d6 15. Nxd6 Bxd6 16. Rxd6+ Ke7 17. Rhd1 Bxh3 18. gxh3 Nd4 19. Bxe5
Nxf3 20. Bxf6+ gxf6 21. Rd7+ Ke8 22. Bb5 1-0

[Event "Winter Server Series, S40011"]
[Site "CCLA"]
[Date "2014.01.27"]
[Round "?"]
[White "Sereni, Vincent T."]
[Black "Bapple, Edward C."]
[Result "1-0"]
[WhiteElo "2118"]
[BlackElo "1979"]

1. d4 Nf6 2. Nf3 e6 3. Nc3 d5 4. g3 c5 5. Bg2 Nc6 6. O-O cxd4 7. Nxd4 Bc5 
8. Be3 Be7 9. Bf4 O-O 10. e3 Nd7 11. e4 e5 12. Nxc6 bxc6 13. exd5 Ba6 14. 
dxc6 Bxf1 15. Qxf1 exf4 16. Rd1 fxg3 17. hxg3 Bf6 18. Rxd7 Qb6 19. c7 Rac8
20. Qb5 Qe6 21. Bb7 Rce8 22. Ne4 Be7 23. Bd5 a6 24. Qd3 Qg6 25. c8=Q Rxc8 
26. Rxe7 Kh8 27. Qd2 h6 28. c4 f6 29. Nd6 1-0